| 000 | 00985nam a2200265 a 4500 | ||
|---|---|---|---|
| 001 | 46671 | ||
| 003 | BD-RjUL | ||
| 005 | 20211209054204.0 | ||
| 008 | 160803s1945 enk b 001 0 eng d | ||
| 035 | _a(BD-RjUL) 46790 | ||
| 040 |
_aAFU _cAFU _dm/c _dRCD _dBD-RjUL _beng |
||
| 041 | _aeng | ||
| 082 |
_223 _a327.420947 _bCOH 1945 |
||
| 100 | 1 |
_aCoates, W. P. _q(William Peyton) _9142289 |
|
| 245 | 1 | 2 |
_aA history of Anglo-Soviet relations / _cW. P. and Zelda K. Coates, with a foreword by the Right Hon. David Lloyd George. |
| 260 |
_aLondon : _bLawrence & Wishart, _c1945 |
||
| 300 |
_axvi, 816 p. : _bill. ; _c22 cm. |
||
| 500 | _a"First published 1944; reprinted 1944 ... 1945." | ||
| 504 | _aBibliographical footnotes and index. | ||
| 651 | 0 |
_aGreat Britain _xForeign relations _zSoviet Union. _9142290 |
|
| 651 | 0 |
_aSoviet Union _xForeign relations _zGreat Britain. _9142291 |
|
| 700 | 1 |
_aCoates, Zelda K. _q(Zelda Kahan), _d1886-1969. _9142292 |
|
| 942 |
_2ddc _cBK |
||
| 949 | _aMYGD | ||
| 999 |
_c46671 _d46671 |
||